Design of steel structures (Record no. 546842)

000 -LEADER
fixed length control field 00441nam a22001577a 4500
020 ## - INTERNATIONAL STANDARD BOOK NUMBER
International Standard Book Number 0074630954
082 ## - DEWEY DECIMAL CLASSIFICATION NUMBER
Classification number 634.1821
Author Mark DUG
-- L-39, P-89
100 ## - MAIN ENTRY--PERSONAL NAME
Personal name Duggal, S.K
9 (RLIN) 38831
245 ## - TITLE STATEMENT
Title Design of steel structures
Statement of responsibility, etc. Duggel, S.K
250 ## - EDITION STATEMENT
Edition statement 2nd ed.
260 ## - PUBLICATION, DISTRIBUTION, ETC.
Place of publication, distribution, etc. New Delhi
Name of publisher, distributor, etc. Tata McGraw-Hill Publishing
Date of publication, distribution, etc. 2000
300 ## - PHYSICAL DESCRIPTION
Extent xv, 821 p.
Other physical details ill.
Dimensions 24 cm.
526 ## - STUDY PROGRAM INFORMATION NOTE
Program name 0
Interest level 0
Reading level 0
Title point value 634_182100000000000_DUG
650 ## - SUBJECT ADDED ENTRY--TOPICAL TERM
Topical term or geographic name entry element MCE
9 (RLIN) 379
942 ## - ADDED ENTRY ELEMENTS (KOHA)
Source of classification or shelving scheme
Koha item type Book
Holdings
Withdrawn status Lost status Source of classification or shelving scheme Damaged status Not for loan Permanent Location Current Location Date acquired Total Checkouts Full call number Barcode Date last seen Date last checked out Price effective from Koha item type
          Military College of Engineering (MCE) Military College of Engineering (MCE) 06/20/2014 1 634.1821 DUG MCE-39279 05/07/2015 04/27/2015 06/20/2014 Book
© 2023 Central Library, National University of Sciences and Technology. All Rights Reserved.